000 01951cam a2200493 a 4500
001 22612
003 VRT
005 20260402101413.0
008 251104s1972 xo a j 000 f slo
015 _aSNBA1972/09-02437
020 _q(viaz.)
035 _aSK01SNK19720041153
035 _a703B4ABE-5E02-4EB5-AFD7-E642E9EADFA2
035 _aurn:nbn:sk:snk-am00igsf
035 _aSKM000043616
039 9 _a202511041007
_bVLOAD
_c202305011849
_dVLOAD
_c202304281450
_dVLOAD
_c202304281113
_dVLOAD
040 _aSNK
_bslo
_cSNK
_eAACR2
041 1 _aslo
_hita
044 _axo
_cSK
072 7 _a821.131.1-3
_xTalianska próza
_2konspekt
080 _a821.131.1-31
_22001
080 _a(0:82-311.3)
_22001
080 _a82-93-053.4/.5
_22001
100 1 _aHamilton, David
_4aut
240 1 0 _aBuffalo Bill e la carovana maledetta
_lSlovensky
245 1 0 _aBuffalo Bill a prekliata karavána
_cDavid Hamilton ; z talianskeho originálu Buffalo Bill e la carovana maledetta ... preložil Blahoslav Hečko ; ilustroval Radomír Kolář
250 _a1. vyd.
260 _aBratislava
_bMladé letá
_c1972
_eKošice
_fVýchodoslovenské tlačiarne
300 _a244, [2] s.
_c
366 _e40000 výtl.
500 _aPoznámky a vysvetlivky Frontispice. Výslovnosť cudzích mien a názvov
521 8 _aPre čitateľov od 11 rokov
655 7 _atalianske romány
_2SNKPH
655 7 _adobrodružné romány
_2SNKPH
655 7 _aliteratúra pre deti a mládež
_2SNKPH
700 1 _aHečko, Blahoslav,
_d1915-2002
_4trl
700 1 _aKolář, Radomír,
_d1924-1993
_4ill
942 _2ddc
_cKLDO
_n0
949 _617A0490055
_asnkSC 29952 D1
_bsnkKSP 6890/72
_qRekatalogizácia
949 _63869A09386
_abpksh820(73)-31
_bbpksh36349
949 _6270001000528086
_asvkbbS 14730
_bsvkbbm 257608
949 _617A1345029
_asnkSC 29952
_bsnkKSP 6889/72
_o241/20 - emDARnáhrada-originál
_s6100:20220404
999 _c22612
_d22612